| 000 | 00804nam a22002297a 4500 | ||
|---|---|---|---|
| 003 | OSt | ||
| 005 | 20171220180749.0 | ||
| 008 | 171220e2017 spca||||||||| 000 0dspa|d | ||
| 020 | _a9788469750919 | ||
| 040 |
_aES-BaUAB _bcat _cCDMR |
||
| 100 | 1 |
_aG. Prieto, Mónica, _d1974- |
|
| 245 | 1 | 0 |
_aContarlo para no olvidar _b: conversación entre Mónica G. Prieto y Maruja Torres ; ilustraciones de Cinta Fosch |
| 260 |
_a[Barcelona] : _bVoces 5W, _c2017 |
||
| 300 |
_a142 pàgines : _bil·lustracions ; _c16 cm |
||
| 600 | 1 | 4 |
_aG. Prieto, Mónica, _d1974- |
| 600 | 1 | 0 |
_aTorres, Maruja _d1943- _92987 |
| 650 | 0 |
_aDones en el periodisme _94233 |
|
| 650 | 0 |
_aDones periodistes _92913 _zEspanya |
|
| 650 | 0 | 0 |
_aCorresponsals estrangers _92802 _zPaïsos àrabs |
| 700 | 1 |
_aTorres, Maruja, _d1943- _eautor |
|
| 942 | _cMON | ||
| 999 |
_c7097 _d7097 |
||